00282nam a2200097Ia 4500008004100000100002400041245005100065260004200116260000900158999001700167170620s9999 xx 000 0 und d aReddy- G. Lokanadha 0aSlow Learners their Psychology and Instruction bNew Delhi- Discovery Publishing House c2006 c24538d24538